Ethics, governance & accountability : a professional perspective

Bibliographic Details
Main Author: Dellaportas, Steven (Author)
Format: Book
Published: Milton, Qld : John Wiley & Sons , c2005
Subjects:

MARC

LEADER 00000cam a2200000 7i4500
001 0000002293
005 20220622093000.0
008 021118s2005
020 |a 0470804998 (pbk.) 
090 0 0 |a HF5387   |b .E84 2005 
245 0 0 |a Ethics, governance & accountability :   |b a professional perspective   |c Steven Dellaportas ... [et al.] 
260 2 |a Milton, Qld :   |b John Wiley & Sons ,   |c c2005 
300 |a xx, 363 p. :   |b ill. ;   |c 27 cm. 
500 |a For undergraduates 
504 |a Includes index 
650 0 |a Business ethics   |v Textbooks 
650 0 |a Corporate governance   |v Textbooks 
650 0 |a Professional ethics   |x Textbooks 
700 1 |a Dellaportas, Steven ,   |e author 
999 |a 1000105284   |b Book   |c OPEN SHELF (30 DAYS)   |e Gong Badak Campus